000
00318nam a22000977a 4500
005
20250901165530.0
008
210602b |||||||| |||| 00| 0 eng d
050
_a
BX5995.B66 .B69 1969
245
_a
As I live and breathe
_b
stages of an autobiography
_c
BOYD, MALCOLM
942
_2
lcc
_h
BX5995.B66 .B69 1969
999
_c
5412
_d
5412